| 000 | 01576cad a22002415a 4500 | ||
|---|---|---|---|
| 001 | L150846 | ||
| 008 | 100908e20100819xxkd f s f000 0 eng d | ||
| 035 | _a(Sirsi) u150846 | ||
| 041 | 0 | _aeng | |
| 110 | 1 |
_aUnited Kingdom _bDepartment for Communities and Local Government _94939 |
|
| 245 | 0 | 0 |
_aHouse building _bJune Quarter 2010, England _h[electronic resource] |
| 260 | _c2010 | ||
| 490 | 0 |
_aDCLG Housing Statistical Release _vJune Quarter 2010, 19 August 2010 |
|
| 505 | 2 | _aStarts and completions in England -- Tenure trends -- Regional trends -- House building targets -- Data collection -- Accompanying tables -- Background notes | |
| 520 | _aPresents figures on new build housing starts and completions in England; figures for the UK and constituent countries are also available in the accompanying tables; the latest statistics report on the period April to June 2010 and update those previously released on 20 May 2010; house building: June quarter 2010, England; house building: June quarter 2010, England; house building tables: June quarter 2010, England and the regions, UK and constituent countries; pre-release access list: house building. | ||
| 590 | _aKA NTK | ||
| 650 | 2 | 4 | _aDCLG QUARTERLY HOUSE BUILDING STATISTICS |
| 651 | 4 |
_aUnited Kingdom _y |
|
| 690 | _aPROPERTY-RESIDENTIAL PROPERTY-RESIDENTIAL PROPERTY DEVELOPMENT | ||
| 690 | _aBUILT ENVIRONMENT-CONSTRUCTION MARKET | ||
| 856 | 4 | 0 |
_uhttps://www.communities.gov.uk/publications/corporate/statistics/housebuildingq22010 _zView the website free of charge at www.communities.gov.uk |
| 942 | _n0 | ||
| 999 |
_c110999 _d110999 |
||